Virtual Art

Saved in:
Bibliografiske detaljer
Hovedforfatter: Oliver Grau
Format: Bog
Udgivet: MIT
Fag:
Tags: Tilføj Tag
Ingen Tags, Vær først til at tagge denne postø!

MARC

LEADER 00000nam a2200000Ia 4500
005 20260427112706.0
526 |b Immersive Arts 
100 |a Oliver Grau 
020 |a 9780262572231 
650 |a VR Art 
526 |a Masters 
942 |c BK 
245 |a Virtual Art 
260 |b MIT 
999 |c 70  |d 70 
952 |0 0  |1 0  |4 0  |7 0  |8 4  |a BRISTOL  |b BRISTOL  |d 2026-04-22  |l 0  |p 000114  |r 2026-04-27 11:27:06  |w 2026-04-27  |y BK